Truyện ngắn hay
v.v...
Đã lưu trong:
| Tác giả chính: | |
|---|---|
| Định dạng: | Sách |
| Năm xuất bản: |
H.
Hội nhà văn
1998
|
| Chủ đề: | |
| Tags: |
Thêm thẻ
Không có thẻ, Hãy là người đầu tiên gắn thẻ bản ghi này!
|
| LEADER | 00950nam a2200193 4500 | ||
|---|---|---|---|
| 082 | |a 895.922334 |b TR527ng | ||
| 100 | |a Hồng Diệu | ||
| 245 | |a Truyện ngắn hay |c Hồng Diệu, Lê Ngọc Tú tuyển chọn; Đỗ Trung Lai giới thiệu | ||
| 260 | |a H. |b Hội nhà văn |c 1998 | ||
| 300 | |a 496 tr. |c 19 cm. | ||
| 520 | |a v.v... | ||
| 653 | |a Văn học hiện đại | ||
| 653 | |a Việt Nam | ||
| 653 | |a Truyện ngắn | ||
| 942 | |2 ddc |c STK0 | ||
| 999 | |c 5003 |d 5003 | ||
| 952 | |0 0 |1 0 |2 ddc |4 0 |6 895_922334000000000_TR527NG |7 0 |8 800 |9 46120 |a qbu |b qbu |c D5 |d 2014-12-20 |g 40000 |o 895.922334 TR527ng |p 834.c1 |r 0000-00-00 |w 2014-12-20 |y STK0 | ||
| 952 | |0 0 |1 0 |2 ddc |4 0 |6 895_922334000000000_TR527NG |7 0 |8 800 |9 46121 |a qbu |b qbu |c D5 |d 2014-12-20 |g 40000 |o 895.922334 TR527ng |p 834.c2 |r 0000-00-00 |w 2014-12-20 |y STK0 | ||
| 952 | |0 0 |1 0 |2 ddc |4 0 |6 895_922334000000000_TR527NG |7 0 |8 800 |9 46122 |a qbu |b qbu |c D5 |d 2014-12-20 |g 40000 |o 895.922334 TR527ng |p 834.c3 |r 0000-00-00 |w 2014-12-20 |y STK0 | ||